Statistics for North American / European Animals by Picture

Click here to take the quiz!

General Stats

  • This quiz has been taken 152 times
    (128 since last reset)
  • The average score is 11 of 12

Answer Stats

Answer% Correct
Grizzly Bear
99%
American Bison
98%
Alligator
97%
Bald Eagle
97%
Moose
97%
Polar Bear
97%
Raccoon
97%
Timber Wolf
97%
Red Squirrel
96%
Beaver
94%
Lynx
91%
Fire Salamander
73%

Score Distribution

Percentile by Number Answered

Percent of People with Each Score

Your Score History

You have not taken this quiz since the last reset